00389 a2200109 4500001001000000005001700010008004100027245005500068100002200123773011700145999001700262ART_1302720260410161816.0260409a 10aLa actividad jurisdiccional de la administración1 aAberastury, Pedro0 tRevista Juridica de Buenos AiresgLa tutela judicial efectiva en la justicia administrativa (ene. 2008)wREV4315 c21948d21948